[Event "Meghalaya op 1st"]
[Site "Shillong"]
[Date "2023.12.18"]
[Round "8"]
[White "Shaun, Deon Sequeira"]
[Black "Elgabry, Mohsen"]
[Result "0-1"]
[WhiteElo "1818"]
[BlackElo "2215"]
[PlyCount "188"]
[EventDate "2023.12.13"]
[EventType "swiss"]
[EventRounds "10"]
[EventCountry "IND"]
[SourceTitle "CB52_2023"]
[SourceDate "2023.12.27"]
[SourceVersion "1"]
[SourceVersionDate "2023.12.27"]
[SourceQuality "1"]

1. e4 g6 2. d4 Bg7 3. Nc3 c6 4. f4 d5 5. e5 h5 6. Nf3 Nh6 7. Bd3 Bf5 8. Be3 Bxd3 9. Qxd3 e6 10. 0-0 Nd7 11. Ne2 Nf5 12. Bf2 Bf8 13. b3 Be7 14. c4 Nb6 15. c5 Nd7 16. b4 a6 17. a4 0-0 18. b5 Qc7 19. g3 axb5 20. axb5 b6 21. cxb6 Qxb6 22. bxc6 Qxc6 23. Rac1 Qb6 24. Rb1 Qa7 25. h3 Rfb8 26. Kg2 Qa2 27. Ra1 Qb2 28. Rxa8 Rxa8 29. Rb1 Qa2 30. Rb3 Nh6 31. Rb7 Ra7 32. Nc3 Qa5 33. Rxa7 Qxa7 34. Qb5 Nb6 35. Qe8+ Kg7 36. Nb5 Qd7 37. Qxd7 Nxd7 38. Nd2 Nb8 39. Kf3 Nc6 40. g4 Bd8 41. Nb3 hxg4+ 42. hxg4 g5 43. fxg5 Bxg5 44. Be3 Bxe3 45. Kxe3 Nxg4+ 46. Kd3 Kg6 47. Nd6 Nh6 48. Nb5 Kg5 49. Ke3 Kg4 50. Kd3 Nf5 51. Nc5 Kf4 52. Nb3 Kf3 53. Nc5 Nce7 54. Nb7 Ng6 55. Nd8 Nf4+ 56. Kc3 Nh6 57. Kd2 Nh3 58. Nd6 Ng5 59. Kd3 Kf4 60. Nc6 Ne4 61. Nd8 Ng5 62. Nc6 Ng4 63. Nd8 f6 64. exf6 Nxf6 65. N6b7 Nfe4 66. Na5 Nf2+ 67. Ke2 Nfh3 68. Kd3 Kf3 69. Nac6 Nf4+ 70. Kc3 Ke3 71. Ne7 Ke4 72. Kd2 Nf3+ 73. Kd1 Nh4 74. Nec6 Kd3 75. Nb4+ Kc4 76. Nxe6 Nxe6 77. Nc2 Nf5 78. Kd2 Nexd4 79. Na3+ Kc5 80. Nb1 Nb5 81. Kd3 Nfd4 82. Nd2 Ne6 83. Ne4+ Kb4 84. Nf6 Nc5+ 85. Kd2 d4 86. Nd5+ Kb3 87. Ne3 Nd6 88. Nd1 Nc4+ 89. Ke2 Kc2 90. Nf2 Nb2 91. Ng4 d3+ 92. Kf2 Nc4 93. Kg3 d2 94. Nf2 Nd3 0-1

[Event "Meghalaya op 1st"]
[Site "Shillong"]
[Date "2023.12.15"]
[Round "4"]
[White "Shaun, Deon Sequeira"]
[Black "Sarwat, Walaa"]
[Result "0-1"]
[WhiteElo "1818"]
[BlackElo "2220"]
[PlyCount "98"]
[EventDate "2023.12.13"]
[EventType "swiss"]
[EventRounds "10"]
[EventCountry "IND"]
[SourceTitle "CB52_2023"]
[SourceDate "2023.12.27"]
[SourceVersion "1"]
[SourceVersionDate "2023.12.27"]
[SourceQuality "1"]

1. e4 e5 2. Nf3 Nc6 3. d4 exd4 4. Nxd4 Nf6 5. Nxc6 bxc6 6. e5 Qe7 7. Qe2 Nd5 8. h4 a5 9. c4 Ba6 10. b3 f6 11. exf6 Nxf6 12. Bb2 0-0-0 13. Nd2 Qf7 14. 0-0-0 d5 15. Qf3 Bc5 16. Bd3 Bb7 17. Rhe1 Rhf8 18. Re2 Kb8 19. Rde1 Qd7 20. Bf5 Qf7 21. Bd3 Bc8 22. Bf5 Nh5 23. Bxc8 Kxc8 24. Qxf7 Rxf7 25. Be5 Bxf2 26. Rf1 Rdf8 27. Nf3 Bg3 28. Rd1 Re7 29. Kb1 dxc4 30. bxc4 Rf5 31. Rd4 Rxf3 32. gxf3 Rxe5 33. Rxe5 Bxe5 34. Rg4 Bf6 35. c5 Kb7 36. Kc2 g6 37. Kd3 Ng7 38. Rf4 Nh5 39. Rg4 Ka6 40. a4 Be7 41. Kc4 Kb7 42. Kd4 Ng7 43. Ke5 Bxc5 44. Kf6 Nh5+ 45. Kf7 Bd6 46. Rc4 Nf4 47. Kg7 h5 48. Kf6 c5 49. Kg5 Kc6 0-1

[Event "Bhubaneswar op-A 14th"]
[Site "Bhubaneswar"]
[Date "2023.06.16"]
[Round "8"]
[White "Shaun, Deon Sequeira"]
[Black "Gunawardhana, Devindya Oshini"]
[Result "1-0"]
[WhiteElo "1672"]
[BlackElo "1576"]
[PlyCount "95"]
[EventDate "2023.06.11"]
[EventType "swiss"]
[EventRounds "10"]
[EventCountry "IND"]
[SourceTitle "CBM 214 Extra"]
[Source "ChessBase"]
[SourceDate "2023.07.31"]
[SourceVersion "1"]
[SourceVersionDate "2023.07.31"]
[SourceQuality "1"]

1. e4 e5 2. Nf3 Nc6 3. Bb5 a6 4. Ba4 Nf6 5. d3 b5 6. Bb3 Be7 7. a4 Bb7 8. c3 d6 9. 0-0 0-0 10. Re1 h6 11. Nbd2 Re8 12. Nf1 Bf8 13. Ng3 Qd7 14. Nh4 Qg4 15. Qxg4 Nxg4 16. Nh5 Ne7 17. h3 Nf6 18. Nxf6+ gxf6 19. Be3 c5 20. f4 exf4 21. Bxf4 d5 22. exd5 Bxd5 23. Bxd5 Nxd5 24. Bd2 b4 25. Nf5 Kh7 26. c4 Nc7 27. Kf2 Red8 28. Ke2 Ne6 29. Be3 Ra7 30. g4 Rad7 31. Rad1 Re8 32. Kd2 Red8 33. Kc2 Kg6 34. Rf1 Bd6 35. b3 Be5 36. h4 h5 37. gxh5+ Kxh5 38. Rg1 Bf4 39. Bf2 Be5 40. Be3 Bf4 41. Bf2 Be5 42. Ng7+ Nxg7 43. Rxg7 Kh6 44. Rg2 Bd4 45. Rf1 Bc3 46. Be3+ Kh7 47. Rf5 Rxd3 48. Rh5# 1-0

[Event "Bhubaneswar op-A 14th"]
[Site "Bhubaneswar"]
[Date "2023.06.13"]
[Round "3"]
[White "Rakesh, Kumar Nayak"]
[Black "Shaun, Deon Sequeira"]
[Result "0-1"]
[WhiteElo "2047"]
[BlackElo "1672"]
[PlyCount "101"]
[EventDate "2023.06.11"]
[EventType "swiss"]
[EventRounds "10"]
[EventCountry "IND"]
[SourceTitle "CBM 214 Extra"]
[Source "ChessBase"]
[SourceDate "2023.07.31"]
[SourceVersion "1"]
[SourceVersionDate "2023.07.31"]
[SourceQuality "1"]

1. e4 e5 2. Nf3 Nc6 3. d4 exd4 4. Bc4 Bc5 5. c3 Nf6 6. cxd4 Bb4+ 7. Bd2 Bxd2+ 8. Nbxd2 d5 9. exd5 Nxd5 10. Qb3 Na5 11. Qa4+ Nc6 12. 0-0 0-0 13. Bxd5 Qxd5 14. Rac1 Bd7 15. Rc5 Qd6 16. Rfc1 Ne7 17. Qc2 c6 18. Nc4 Qf4 19. Ne3 Be6 20. Ng5 g6 21. Nxe6 fxe6 22. Re5 Qxd4 23. Rxe6 Nd5 24. Rd1 Nxe3 25. fxe3 Qg4 26. Re7 Rf7 27. Rxf7 Kxf7 28. Qb3+ Kg7 29. Qxb7+ Kh6 30. Qd7 Qh5 31. Rf1 Qe2 32. Qh3+ Kg7 33. Qd7+ Kh6 34. Qd4 Re8 35. Qh4+ Qh5 36. Qxh5+ gxh5 37. Kf2 Kg6 38. Ke2 Re7 39. Rf4 Re5 40. e4 Ra5 41. a3 Rb5 42. b4 a5 43. Rf5 axb4 44. Rxb5 cxb5 45. axb4 Kf6 46. Ke3 Ke5 47. g3 h6 48. h3 Ke6 49. Kf4 Kf6 50. e5+ Ke6 51. Ke4 0-1

[Event "Bhubaneswar op-A 14th"]
[Site "Bhubaneswar"]
[Date "2023.06.13"]
[Round "4"]
[White "Shaun, Deon Sequeira"]
[Black "Rios, Cristhian Camilo"]
[Result "0-1"]
[WhiteElo "1672"]
[BlackElo "2474"]
[PlyCount "110"]
[EventDate "2023.06.11"]
[EventType "swiss"]
[EventRounds "10"]
[EventCountry "IND"]
[SourceTitle "CBM 214 Extra"]
[Source "ChessBase"]
[SourceDate "2023.07.31"]
[SourceVersion "1"]
[SourceVersionDate "2023.07.31"]
[SourceQuality "1"]

1. e4 c5 2. Nf3 Nc6 3. d4 cxd4 4. Nxd4 Nf6 5. Nc3 e5 6. Ndb5 d6 7. Bg5 a6 8. Na3 b5 9. Nd5 Be7 10. Bxf6 Bxf6 11. c3 Bg5 12. Nc2 Rb8 13. a4 bxa4 14. Ncb4 Nxb4 15. cxb4 0-0 16. Rxa4 a5 17. b5 Bd7 18. Qb3 Qc8 19. Rc4 Rxb5 20. Qg3 Qd8 21. Rc2 Rb8 22. Bc4 Kh8 23. h4 Bh6 24. 0-0 f5 25. f3 f4 26. Qe1 g5 27. hxg5 Bxg5 28. Qc3 Bh4 29. Ra1 a4 30. Kf1 Qg5 31. Qa5 Rfc8 32. Qa7 Qd8 33. Rac1 Rxc4 34. Rxc4 Bb5 35. Nc7 Bxc4+ 36. Rxc4 Qg8 37. Rxa4 Rxb2 38. Qa8 Rf2+ 39. Ke1 Rc2+ 40. Kd1 Rxc7 41. Qxg8+ Kxg8 42. Ra6 Rg7 43. Rxd6 Rxg2 44. Re6 Rf2 45. Rxe5 Rxf3 46. Rf5 Bg3 47. e5 Re3 48. Kd2 Kg7 49. Rg5+ Kf7 50. Rf5+ Ke6 51. Rh5 Rxe5 52. Rxh7 f3 53. Rh3 f2 54. Rxg3 f1Q 55. Rg6+ Kd5 0-1

[Event "IND-ch U13 35th"]
[Site "Puducherry"]
[Date "2022.12.15"]
[Round "7"]
[White "Shaun, Deon Sequeira"]
[Black "Sriram, Adarsh Uppala"]
[Result "0-1"]
[WhiteElo "1566"]
[BlackElo "1685"]
[PlyCount "78"]
[EventDate "2022.12.11"]
[EventType "swiss"]
[EventRounds "11"]
[EventCountry "IND"]
[SourceTitle "EXT 2024"]
[Source "ChessBase"]
[SourceDate "2023.10.10"]
[SourceVersion "1"]
[SourceVersionDate "2023.10.10"]
[SourceQuality "1"]

1. e4 c5 2. Nf3 d6 3. d4 cxd4 4. Nxd4 Nf6 5. Nc3 a6 6. h3 e5 7. Nde2 h5 8. g3 Be7 9. Bg2 Be6 10. a4 Nbd7 11. 0-0 Rc8 12. Be3 Bc4 13. Nd5 Nxd5 14. exd5 0-0 15. b3 Bxe2 16. Qxe2 g6 17. f4 exf4 18. Bxf4 Bg5 19. Rae1 Bxf4 20. gxf4 Re8 21. Qd2 Qh4 22. Rxe8+ Rxe8 23. c4 Qg3 24. b4 b6 25. Kh1 Nf6 26. c5 bxc5 27. bxc5 dxc5 28. d6 Rd8 29. Qb2 Kg7 30. Qb6 Re8 31. Qxa6 Re3 32. Qc4 Rd3 33. Qxc5 Rd2 34. Qg1 Ne4 35. f5 Qe5 36. Re1 Ng3+ 37. Kh2 Qxd6 38. Re6 fxe6 39. Qa7+ Kf6 0-1

[Event "IND-ch U14"]
[Site "Ahmedabad"]
[Date "2022.05.09"]
[Round "2"]
[White "Ankit, Ray"]
[Black "Shaun, Deon Sequeira"]
[Result "1-0"]
[WhiteElo "1932"]
[BlackElo "1418"]
[PlyCount "139"]
[EventDate "2022.05.09"]
[EventType "swiss"]
[EventRounds "11"]
[EventCountry "IND"]
[SourceTitle "CBM 208 Extra"]
[Source "ChessBase"]
[SourceDate "2022.07.31"]
[SourceVersion "1"]
[SourceVersionDate "2022.07.31"]
[SourceQuality "1"]

1. d4 Nf6 2. Nf3 g6 3. g3 Bg7 4. Bg2 0-0 5. 0-0 d6 6. b3 d5 7. Bb2 b6 8. c4 e6 9. Ne5 Bb7 10. Qc2 Nbd7 11. Rd1 c6 12. Nxd7 Qxd7 13. Nc3 b5 14. e4 Rfd8 15. e5 Ne8 16. c5 a5 17. h4 Qc7 18. Ne2 b4 19. h5 a4 20. hxg6 hxg6 21. Qd2 Qa5 22. Qg5 Qc7 23. Nf4 axb3 24. axb3 Rxa1 25. Rxa1 Ra8 26. Rxa8 Bxa8 27. Nd3 Qb8 28. Qd2 Nc7 29. Nxb4 Nb5 30. Bf1 Bf8 31. Nc2 Nc7 32. Qc3 Bh6 33. f4 Kf8 34. Kf2 Ke7 35. Na3 Kd7 36. b4 Nb5 37. Qb3 g5 38. Nxb5 cxb5 39. fxg5 Bxg5 40. Qf3 Ke7 41. Qh5 Bd2 42. Qh4+ Kd7 43. Qf6 Qf8 44. Bxb5+ Kc7 45. Be2 Bxb4 46. Bh5 Bxc5 47. Qxf7+ Qxf7+ 48. Bxf7 Be7 49. Bxe6 Bg5 50. Ke2 Kd8 51. Bc3 Ke7 52. Bf5 Bc6 53. Bd2 Bb5+ 54. Bd3 Bxd2 55. Kxd2 Bd7 56. Ke3 Kf7 57. Kf4 Kg7 58. g4 Be6 59. Bf5 Bg8 60. e6 Kf6 61. g5+ Ke7 62. Ke5 Kf8 63. Kf6 Bxe6 64. Bxe6 Ke8 65. g6 Kd8 66. g7 Kc7 67. g8Q Kb6 68. Qc8 Kb5 69. Bd7+ Kb4 70. Ke5 1-0